00221nam a2200097Ia 4500008004100000100002000041245003000061260001100091260000900102546001200111170619s9999 xx 000 0 und d aBhalja- Bhavesh 0aProtection and Switchgear bOxford c2011 aENGLISH